|
|
|
|
| LEADER |
00000nam0a2200000 4500 |
| 001 |
14969 |
| 005 |
20231030185953.0 |
| 010 |
|
|
|a 5836000026
|
| 035 |
|
|
|a (RuTPU)RU\TPU\book\15070
|
| 035 |
|
|
|a BOOK00015140
|
| 090 |
|
|
|a 14969
|
| 100 |
|
|
|a 20011209d1999 k y0rusy50 ca
|
| 101 |
0 |
|
|a rus
|
| 102 |
|
|
|a RU
|
| 105 |
|
|
|a y z 000zy
|
| 200 |
1 |
|
|a Динамическая неустойчивость грунтов
|f Е. А. Вознесенский
|
| 210 |
|
|
|a Москва
|c Эдиториал УРСС
|d 1999
|
| 215 |
|
|
|a 264 с.
|
| 610 |
1 |
|
|a грунты
|
| 610 |
1 |
|
|a динамика
|
| 610 |
1 |
|
|a неустойчивость
|
| 610 |
1 |
|
|a измерения
|
| 610 |
1 |
|
|a моделирование
|
| 610 |
1 |
|
|a инженерная геология
|
| 675 |
|
|
|a 624.131.5
|v 3
|
| 700 |
|
1 |
|a Вознесенский
|b Е. А.
|g Евгений Арнольдович
|
| 801 |
|
0 |
|a RU
|b 63413507
|c 20011209
|g PSBO
|
| 801 |
|
2 |
|a RU
|b 63413507
|c 20091012
|g PSBO
|
| 900 |
|
|
|a Грунтоведение
|
| 942 |
|
|
|c BK
|